| 000 | 01082nam a2200289 i 4500 | ||
|---|---|---|---|
| 005 | 20250908160857.0 | ||
| 008 | 250908s2025 my gr 000 0dmay d | ||
| 020 |
_a9786297665467 _cRM35.00 _qpaperback |
||
| 040 |
_aPPAK _beng _cPPAK _erda |
||
| 082 | 0 | 4 |
_223 _a297.3824 |
| 090 | 0 | 0 |
_a297.3824 _bFAK _dG |
| 100 | 0 |
_aFakhri Fadzli, _eauthor. |
|
| 245 | 1 | 0 |
_a30 DOA Daripada Al-Quran & Hadis : _bSaat Hampir Berputus Asa / _cFAKHRI FADZLI ; Ketua Editor : Rahman Pauzi |
| 246 | 3 | 3 |
_atiga puluh doa daripada Al-quran dan hadis : _bsaat hampir berputus asa |
| 264 | 1 |
_aKajang, Selangor : _bIMAN PUBLICATION SDN BHD, _c[2025?] |
|
| 300 |
_a248 pages ; _c21 cm |
||
| 336 |
_atext _2rdacontent |
||
| 337 |
_aunmediated _2rdamedia |
||
| 338 |
_avolume _2rdacarrier |
||
| 500 | _aContains verses from the Qur'an and quotes from Hadith | ||
| 504 | _aBibliography: pages 244-246 | ||
| 650 | 1 | 0 |
_aIslam _vPrayers and devotions |
| 650 | 2 | 0 |
_aPrayer _xIslam |
| 650 | 2 | 0 | _aIslamic meditations |
| 700 | 0 |
_aRahmah Pauzi, _d1990- _eeditor. |
|
| 942 |
_2ddc _cB |
||
| 999 |
_c200667 _d200667 |
||